[Event "Titled Tuesday intern op 02nd May Late"]
[Site "Chess.com INT"]
[Date "2023.05.02"]
[Round "9"]
[White "Haydon, David Leslie"]
[Black "Averjanov, Alexey"]
[Result "0-1"]
[WhiteElo "2253"]
[BlackElo "2399"]
[PlyCount "100"]
[EventDate "2023.05.02"]
[EventType "swiss (blitz)"]
[EventRounds "11"]
[EventCountry "USA"]
[SourceTitle "EXT 2024"]
[Source "ChessBase"]
[SourceDate "2023.10.10"]
[SourceVersion "1"]
[SourceVersionDate "2023.10.10"]
[SourceQuality "1"]

1. e4 c6 2. d4 d5 3. Nd2 dxe4 4. Nxe4 Bf5 5. Ng3 Bg6 6. Nf3 Nd7 7. Bc4 e6 8. c3 Ngf6 9. a4 a5 10. Qe2 Be7 11. Ne5 Nxe5 12. dxe5 Nd5 13. f4 Qb6 14. h4 h6 15. h5 Bh7 16. Bd3 Bxd3 17. Qxd3 0-0-0 18. Qe2 Rd7 19. Ne4 Rhd8 20. Rh3 f5 21. Nf2 Qb3 22. c4 Qb4+ 23. Kf1 Nb6 24. b3 Bf8 25. Ba3 Qd2 26. Bxf8 Qxe2+ 27. Kxe2 Rxf8 28. Rd3 g5 29. hxg6 Rg8 30. g4 Rxd3 31. Kxd3 fxg4 32. Nxg4 Rxg6 33. Ne3 Nd7 34. Kd4 Rg3 35. Rh1 Rf3 36. Ke4 Rf2 37. Ng4 Nc5+ 38. Ke3 Rb2 39. Nxh6 Rxb3+ 40. Ke2 Ra3 41. Rg1 Rxa4 42. Rg8+ Kc7 43. Rg7+ Kb6 44. Nf7 Rxc4 45. Ke3 a4 46. Nd6 Rc3+ 47. Kd4 Rf3 48. Nc8+ Kb5 49. Nd6+ Kb4 50. Rg4 Rd3# 0-1

[Event "Titled Tuesday intern op 02nd May Late"]
[Site "Chess.com INT"]
[Date "2023.05.02"]
[Round "11"]
[White "Muradli, Mahammad"]
[Black "Averjanov, Alexey"]
[Result "1-0"]
[WhiteElo "2531"]
[BlackElo "2399"]
[PlyCount "61"]
[EventDate "2023.05.02"]
[EventType "swiss (blitz)"]
[EventRounds "11"]
[EventCountry "USA"]
[SourceTitle "EXT 2024"]
[Source "ChessBase"]
[SourceDate "2023.10.10"]
[SourceVersion "1"]
[SourceVersionDate "2023.10.10"]
[SourceQuality "1"]

1. Nf3 d5 2. c4 e6 3. g3 Nf6 4. Bg2 Be7 5. 0-0 0-0 6. d4 c6 7. Nbd2 Nbd7 8. Qc2 b6 9. e4 dxe4 10. Nxe4 Bb7 11. Ne5 Nxe5 12. dxe5 Nxe4 13. Bxe4 g6 14. Bh6 Re8 15. h4 Qc7 16. Bf4 c5 17. Rad1 Rad8 18. b3 h5 19. Bxg6 fxg6 20. Qxg6+ Kh8 21. Qxh5+ Kg8 22. Qg6+ Kh8 23. Qh6+ Kg8 24. Qxe6+ Kh8 25. Qh6+ Kg8 26. Qg6+ Kh8 27. e6 Bd6 28. Rxd6 Qg7 29. Qh5+ Kg8 30. Rd7 Rxd7 31. Qxe8+ 1-0

[Event "Titled Tuesday intern op 02nd May Early"]
[Site "Chess.com INT"]
[Date "2023.05.02"]
[Round "9"]
[White "Zhigalko, Sergei"]
[Black "Averjanov, Alexey"]
[Result "0-1"]
[WhiteElo "2572"]
[BlackElo "2399"]
[PlyCount "48"]
[EventDate "2023.05.02"]
[EventType "swiss (blitz)"]
[EventRounds "11"]
[EventCountry "USA"]
[SourceTitle "EXT 2024"]
[Source "ChessBase"]
[SourceDate "2023.10.10"]
[SourceVersion "1"]
[SourceVersionDate "2023.10.10"]
[SourceQuality "1"]

1. e4 c5 2. Nf3 d6 3. d4 cxd4 4. Qxd4 Bd7 5. Bc4 Nc6 6. Qd3 Nf6 7. Nc3 g6 8. Bg5 Bg7 9. Bb3 0-0 10. 0-0-0 Na5 11. e5 Nxb3+ 12. axb3 Bf5 13. Qe2 Nd7 14. exd6 Qa5 15. dxe7 Rfc8 16. Kb1 Rxc3 17. e8Q+ Rxe8 18. Qxe8+ Nf8 19. Rd2 Rxb3 20. Nd4 Bxd4 21. Rxd4 Qc3 22. Qxf8+ Kxf8 23. Bh6+ Ke7 24. Re1+ Qxe1+ 0-1

[Event "ChessKid Cup Play In"]
[Site "Chess.com INT"]
[Date "2023.05.01"]
[Round "3"]
[White "Meier, Georg"]
[Black "Averjanov, Alexey"]
[Result "1-0"]
[WhiteElo "2614"]
[BlackElo "2399"]
[PlyCount "129"]
[EventDate "2023.05.01"]
[EventType "swiss (blitz)"]
[EventRounds "9"]
[EventCountry "USA"]
[SourceTitle "CBM 214 Extra"]
[Source "ChessBase"]
[SourceDate "2023.07.31"]
[SourceVersion "1"]
[SourceVersionDate "2023.07.31"]
[SourceQuality "1"]

1. Nf3 d5 2. g3 Nf6 3. Bg2 e6 4. 0-0 Be7 5. c4 0-0 6. d4 c6 7. Nc3 Nbd7 8. Qd3 b6 9. e4 dxe4 10. Nxe4 Nxe4 11. Qxe4 Bb7 12. Rd1 Qc8 13. Qe2 Re8 14. Be3 c5 15. Rac1 cxd4 16. Nxd4 Bxg2 17. Kxg2 Qb7+ 18. Qf3 Qxf3+ 19. Nxf3 Red8 20. Rd2 Nf6 21. Rcd1 Rxd2 22. Rxd2 Rd8 23. Rxd8+ Bxd8 24. Ne5 Bc7 25. Nd3 Kf8 26. f4 Ke7 27. Kf3 Nd7 28. Bd4 g6 29. b4 h5 30. a4 f6 31. b5 e5 32. fxe5 fxe5 33. Be3 Bd6 34. a5 Ke6 35. a6 Kf5 36. Nf2 Bc5 37. Ne4 Bxe3 38. Kxe3 Ke6 39. h3 Ke7 40. Kf2 Ke6 41. Kf3 Ke7 42. g4 Ke6 43. Kg3 hxg4 44. Kxg4 Ke7 45. Kg5 Nf8 46. h4 Ke6 47. c5 bxc5 48. b6 Nd7 49. Nxc5+ Nxc5 50. bxa7 Nxa6 51. a8Q Nb4 52. Qg8+ Ke7 53. Qg7+ Ke8 54. Qxg6+ Kd7 55. Qf7+ Kc6 56. Qe6+ Kc5 57. Qxe5+ Nd5 58. h5 Kc6 59. h6 Nb6 60. Qe6+ Kc5 61. h7 Nc4 62. h8Q Nd6 63. Qc3+ Kb5 64. Qd5+ Kb6 65. Qca5# 1-0

[Event "ChessKid Cup Play In"]
[Site "Chess.com INT"]
[Date "2023.05.01"]
[Round "9"]
[White "Motylev, Alexander"]
[Black "Averjanov, Alexey"]
[Result "1-0"]
[WhiteElo "2604"]
[BlackElo "2399"]
[PlyCount "71"]
[EventDate "2023.05.01"]
[EventType "swiss (blitz)"]
[EventRounds "9"]
[EventCountry "USA"]
[SourceTitle "CBM 214 Extra"]
[Source "ChessBase"]
[SourceDate "2023.07.31"]
[SourceVersion "1"]
[SourceVersionDate "2023.07.31"]
[SourceQuality "1"]

1. Nf3 d5 2. g3 Nf6 3. Bg2 e6 4. 0-0 Be7 5. d4 0-0 6. c4 c6 7. Qc2 Nbd7 8. h4 b6 9. Bf4 Bb7 10. Nbd2 c5 11. cxd5 Nxd5 12. Bg5 cxd4 13. Bxe7 Qxe7 14. Nxd4 Rac8 15. Qb3 Nc5 16. Qa3 a5 17. Nc4 Rfd8 18. Bxd5 Rxd5 19. Nxb6 Rxd4 20. Nxc8 Bxc8 21. Rac1 Rd5 22. e4 Rh5 23. Qxa5 Ba6 24. Rfd1 g6 25. b4 Nd3 26. Qxa6 Nxc1 27. Qc8+ Kg7 28. Qc3+ e5 29. Rxc1 g5 30. Qf3 Rh6 31. Qg4 Rg6 32. h5 Ra6 33. Rc8 Rxa2 34. h6+ Kxh6 35. Rg8 Qf6 36. Qh3# 1-0

[Event "ChessKid Cup Play In"]
[Site "Chess.com INT"]
[Date "2023.05.01"]
[Round "6"]
[White "Weetik, Vjacheslav"]
[Black "Averjanov, Alexey"]
[Result "1/2-1/2"]
[WhiteElo "2423"]
[BlackElo "2399"]
[PlyCount "84"]
[EventDate "2023.05.01"]
[EventType "swiss (blitz)"]
[EventRounds "9"]
[EventCountry "USA"]
[SourceTitle "CBM 214 Extra"]
[Source "ChessBase"]
[SourceDate "2023.07.31"]
[SourceVersion "1"]
[SourceVersionDate "2023.07.31"]
[SourceQuality "1"]

1. d4 d5 2. Bf4 Nf6 3. e3 e6 4. Nd2 c5 5. c3 Bd6 6. Bxd6 Qxd6 7. Bd3 0-0 8. f4 b6 9. Ngf3 Ba6 10. Bxa6 Nxa6 11. 0-0 Nb8 12. Ne5 Nc6 13. Qf3 Nd7 14. Rad1 f6 15. Nxc6 Qxc6 16. c4 cxd4 17. exd4 Rac8 18. b3 dxc4 19. bxc4 Qxf3 20. Rxf3 Kf7 21. Ra3 Rc7 22. Kf2 Rd8 23. Ke3 Nb8 24. Rc3 Nc6 25. Ne4 Rcd7 26. d5 exd5 27. cxd5 Ne7 28. d6 Nf5+ 29. Kf3 Nxd6 30. Nxd6+ Rxd6 31. Rc7+ Kg6 32. Rxd6 Rxd6 33. Rxa7 Rd2 34. h3 h5 35. Rb7 Rxa2 36. Rxb6 Ra3+ 37. Kf2 Kf5 38. Rb4 h4 39. Rb5+ Ke4 40. Rb4+ Kf5 41. Rb5+ Ke4 42. Rb4+ Kf5 1/2-1/2

[Event "Titled Tuesday intern op 25th Apr Late"]
[Site "Chess.com INT"]
[Date "2023.04.25"]
[Round "3"]
[White "Andreikin, Dmitry"]
[Black "Averjanov, Alexey"]
[Result "1-0"]
[WhiteElo "2729"]
[BlackElo "2399"]
[PlyCount "109"]
[EventDate "2023.04.25"]
[EventType "swiss (blitz)"]
[EventRounds "11"]
[EventCountry "USA"]
[SourceTitle "EXT 2024"]
[Source "ChessBase"]
[SourceDate "2023.10.10"]
[SourceVersion "1"]
[SourceVersionDate "2023.10.10"]
[SourceQuality "1"]

1. e4 c6 2. f4 d5 3. d3 g6 4. Nf3 Bg7 5. e5 h5 6. d4 Bg4 7. Nbd2 Nh6 8. Bd3 Nd7 9. c3 e6 10. Qb3 Qc7 11. Ng5 Bf5 12. Be2 0-0 13. Ndf3 c5 14. Be3 Ng4 15. Bg1 c4 16. Qd1 f6 17. exf6 Ngxf6 18. Be3 Ng4 19. Bd2 Rae8 20. 0-0 b5 21. a3 a5 22. g3 Ngf6 23. Nh4 Qd6 24. Bf3 Re7 25. Re1 Rfe8 26. Re5 Bh6 27. Qe2 Bxg5 28. fxg5 Ng4 29. Bxg4 Bxg4 30. Qe1 Kg7 31. Bf4 Qc6 32. Qe3 Bf5 33. Nxf5+ gxf5 34. Qe2 Kg6 35. Re3 Qb6 36. Kg2 b4 37. axb4 axb4 38. Kh3 b3 39. Kh4 Kg7 40. Re1 Nf8 41. Be5+ Kg8 42. Bf6 Rh7 43. Kh3 Qd6 44. Re5 h4 45. g4 Ng6 46. Qf3 Nxe5 47. Rxe5 fxg4+ 48. Qxg4 Qf8 49. Rxe6 Rxe6 50. Qxe6+ Qf7 51. Qc8+ Qf8 52. Qf5 Rg7 53. Qxd5+ Rf7 54. g6 Qc8+ 55. Kxh4 1-0

[Event "Titled Tuesday intern op 25th Apr Late"]
[Site "Chess.com INT"]
[Date "2023.04.25"]
[Round "5"]
[White "Averjanov, Alexey"]
[Black "Baltic, Fatih"]
[Result "1-0"]
[WhiteElo "2399"]
[BlackElo "2267"]
[PlyCount "93"]
[EventDate "2023.04.25"]
[EventType "swiss (blitz)"]
[EventRounds "11"]
[EventCountry "USA"]
[SourceTitle "EXT 2024"]
[Source "ChessBase"]
[SourceDate "2023.10.10"]
[SourceVersion "1"]
[SourceVersionDate "2023.10.10"]
[SourceQuality "1"]

1. d4 Nf6 2. c4 g6 3. Nc3 Bg7 4. e4 d6 5. Be2 0-0 6. Nf3 Bg4 7. Ng1 Bxe2 8. Ngxe2 c5 9. d5 e6 10. 0-0 exd5 11. exd5 Re8 12. b3 Ne4 13. Bb2 Nxc3 14. Bxc3 Nd7 15. Bxg7 Kxg7 16. Nc3 Qf6 17. Qd2 a6 18. Rfe1 Ne5 19. Re3 Ng4 20. Rxe8 Rxe8 21. h3 Ne5 22. Re1 Re7 23. Re3 Nd7 24. Qe2 Re5 25. Rxe5 Qxe5 26. Qxe5+ dxe5 27. Kf1 f5 28. Ke2 Kf6 29. Ke3 Ke7 30. a3 Kd6 31. g4 Nf6 32. f3 Ne8 33. a4 b6 34. Ne2 Ke7 35. Kd3 Nd6 36. Ng3 Kf6 37. h4 a5 38. Ne2 Ke7 39. Nc3 Kd7 40. Nb5 Nxb5 41. axb5 Kd6 42. Ke3 Ke7 43. h5 Kd6 44. Kf2 gxh5 45. gxf5 Ke7 46. Kg3 Kf6 47. d6 1-0

[Event "Titled Tuesday intern op 25th Apr Early"]
[Site "Chess.com INT"]
[Date "2023.04.25"]
[Round "6"]
[White "Belov, Alexei"]
[Black "Averjanov, Alexey"]
[Result "1-0"]
[WhiteElo "2421"]
[BlackElo "2399"]
[PlyCount "65"]
[EventDate "2023.04.25"]
[EventType "swiss (blitz)"]
[EventRounds "11"]
[EventCountry "USA"]
[SourceTitle "EXT 2024"]
[Source "ChessBase"]
[SourceDate "2023.10.10"]
[SourceVersion "1"]
[SourceVersionDate "2023.10.10"]
[SourceQuality "1"]

1. e4 c6 2. d4 d5 3. Nd2 dxe4 4. Nxe4 Bf5 5. Ng3 Bg6 6. N1e2 e6 7. c3 Bd6 8. Nf4 Qc7 9. Qf3 Nf6 10. h4 Bxf4 11. Bxf4 Qb6 12. b3 h6 13. h5 Bh7 14. Bd6 Nbd7 15. Be2 0-0-0 16. 0-0 c5 17. dxc5 Nxc5 18. Be7 Rd2 19. Qe3 Rd7 20. Qxc5+ Qxc5 21. Bxc5 Rd2 22. Rfd1 Rc2 23. Bd4 Nd5 24. Bd3 Bxd3 25. Rxd3 Nf4 26. Rf3 Nd5 27. Rxf7 e5 28. Bxe5 Re8 29. Bxg7 Nxc3 30. Bxh6 Nxa2 31. Rf8 Rxf8 32. Bxf8 Nc3 33. h6 1-0

[Event "Titled Tuesday intern op 25th Apr Late"]
[Site "Chess.com INT"]
[Date "2023.04.25"]
[Round "1"]
[White "Eidelman, Gabriel"]
[Black "Averjanov, Alexey"]
[Result "1/2-1/2"]
[WhiteElo "2209"]
[BlackElo "2399"]
[PlyCount "97"]
[EventDate "2023.04.25"]
[EventType "swiss (blitz)"]
[EventRounds "11"]
[EventCountry "USA"]
[SourceTitle "EXT 2024"]
[Source "ChessBase"]
[SourceDate "2023.10.10"]
[SourceVersion "1"]
[SourceVersionDate "2023.10.10"]
[SourceQuality "1"]

1. Nf3 d5 2. e3 Nf6 3. c4 dxc4 4. Bxc4 e6 5. 0-0 a6 6. d4 b5 7. Bb3 Bb7 8. Nc3 Nbd7 9. Re1 c5 10. e4 cxd4 11. Nxd4 Nc5 12. e5 Nxb3 13. Nxb3 Qxd1 14. Rxd1 Nd5 15. Nxd5 Bxd5 16. Be3 Be7 17. Rac1 Kd7 18. Nc5+ Bxc5 19. Rxc5 Rhc8 20. a3 Rxc5 21. Bxc5 Rc8 22. b4 Kc6 23. f3 a5 24. Kf2 axb4 25. axb4 Ra8 26. Rd2 Ra3 27. h4 h5 28. Kg3 Ra2 29. Rxa2 Bxa2 30. Kf4 Kd7 31. Kg5 g6 32. g4 Bd5 33. gxh5 gxh5 34. Kxh5 Bxf3+ 35. Kg5 Ke8 36. h5 f6+ 37. Kg6 fxe5 38. h6 Kd7 39. Kg7 Be4 40. h7 Bxh7 41. Kxh7 Kc6 42. Kg6 Kd5 43. Kg5 Kc4 44. Kg4 e4 45. Kf4 Kd3 46. Ke5 e3 47. Kxe6 Kc4 48. Bxe3 Kxb4 49. Kd5 1/2-1/2